书目信息 |
| 题名: |
物流配送实务
|
|
| 作者: | 李海民 , 薛刚 主编 | |
| 分册: | ||
| 出版信息: | 北京 北京理工大学出版社有限责任公司 2019.08 |
|
| 页数: | 227页 | |
| 开本: | 26cm | |
| 丛书名: | ||
| 单 册: | ||
| 中图分类: | F252.14 | |
| 科图分类: | ||
| 主题词: | 物资配送--高等学校--教材 | |
| 电子资源: | ||
| ISBN: | 978-7-5682-7319-0 | |
| 000 | 01212nam0 2200265 450 | |
| 001 | 0120192844061 | |
| 005 | 20201027102721.23 | |
| 010 | @a978-7-5682-7319-0@dCNY68.00 | |
| 100 | @a20190827d2019 em y0chiy50 ea | |
| 101 | 0 | @achi |
| 102 | @aCN@b110000 | |
| 105 | @aak z 000yy | |
| 106 | @ar | |
| 200 | 1 | @a物流配送实务@9wu liu pei song shi wu@f李海民,薛刚主编 |
| 205 | @a3版 | |
| 210 | @a北京@c北京理工大学出版社有限责任公司@d2019.08 | |
| 215 | @a227页@c图@d26cm | |
| 330 | @a本书是高等院校物流专业的必修课程。本书按照项目式教学思路编写,全书共分为三个情景,共十二个项目。以零售业配送情境为主,该情境以一个完整的项目详细的介绍了从商品入库到客户订单的履行及配送作业的成本和绩效管理,同时还介绍了快递配送和冷链配送两个情境。项目中的每个任务都设置了相应的实训内容,保证了课程的“教、学、做”结合。“物流配送实务”是一门理论性强、实践能力要求高的综合性学科。本书让学生根据所学知识进行实践操作,强化学生理论结合实际的能力,充分体现应用型人才培养的特点。 | |
| 333 | @a高校物流专业师生 | |
| 606 | 0 | @a物资配送@x高等学校@j教材 |
| 690 | @aF252.14@v5 | |
| 701 | 0 | @a李海民@9li hai min@4主编 |
| 701 | 0 | @a薛刚@9xue gang@4主编 |
| 801 | 0 | @aCN@b人天书店@c20190827 |
| 905 | @b1297956-59@dF252.14@e318=3@f4 | |
| 物流配送实务/李海民,薛刚主编.-3版.-北京:北京理工大学出版社有限责任公司,2019.08 |
| 227页:图;26cm |
| 使用对象:高校物流专业师生 |
| ISBN 978-7-5682-7319-0:CNY68.00 |
| 本书是高等院校物流专业的必修课程。本书按照项目式教学思路编写,全书共分为三个情景,共十二个项目。以零售业配送情境为主,该情境以一个完整的项目详细的介绍了从商品入库到客户订单的履行及配送作业的成本和绩效管理,同时还介绍了快递配送和冷链配送两个情境。项目中的每个任务都设置了相应的实训内容,保证了课程的“教、学、做”结合。“物流配送实务”是一门理论性强、实践能力要求高的综合性学科。本书让学生根据所学知识进行实践操作,强化学生理论结合实际的能力,充分体现应用型人才培养的特点。 |
| ● |
| 相关链接 |
|
|
|
|
正题名:物流配送实务
索取号:F252.14/318=3
 
预约/预借
| 序号 | 登录号 | 条形码 | 馆藏地/架位号 | 状态 | 备注 |
| 1 | 1297956 | 212979561 | 第一样本阅览室/ [索取号:F252.14/318=3] | 在馆 | |
| 2 | 1297957 | 212979570 | 第一借阅区/ [索取号:F252.14/318=3] | 在馆 | |
| 3 | 1297958 | 212979589 | 第一借阅区/ [索取号:F252.14/318=3] | 在馆 | |
| 4 | 1297959 | 212979598 | 第一借阅区/ [索取号:F252.14/318=3] | 在馆 |